00677nam a22002057a 4500003000400000020001500004082001900019100001700038245004000055260003800095300001500133650003100148650003800179650002800217650003700245650002900282942001200311999001900323952012900342OSt a9382226116 a658.15bDOD/TE aDodge, Haan  aTechniques of financial management  aNew Delhi bRandom Exports c2013 a312 pages; aObjective of fiscal policy aBank credit and the rural economy aGlobal financial trend  aMultinational capital budgeting  aForeign exchange market  2ddccBK c130865d130865 00102ddc4070aKAUCLVbKAUCLVcGENERALd2014-06-17g1550.00l0o658.15 DOD/TEp223483r2014-06-17 00:00:00w2014-06-17yBK